| 000 | 01606nam a2200337 i 4500 | ||
|---|---|---|---|
| 003 | EG-ScBUE | ||
| 005 | 20231010111216.0 | ||
| 008 | 100419s2006 ua|||||frb|| 01110baaradd | ||
| 020 | _a977437102X | ||
| 040 |
_aEG-ScBUE _bara _erda _cEG-ScBUE _dEG-ScBUE |
||
| 082 | 0 | 4 |
_a301.092 _bخ ل د _222 |
| 100 | 1 | 0 |
_aابن خلدون، عبد الرحمن بن محمد، _d732-808 هـ.، _eمؤلف. _913366 |
| 245 | 1 | 2 |
_aالتعريف بابن خلدون ورحلته غربا وشرقا / _cتأليف عبد الرحمن بن خلدون (732-808) ؛ عارضه بأصوله وعلق حواشيه، محمد بن تاويت الطنجي ؛ قدم هذه الطبعة أ. د. عبادة كحيلة. |
| 250 | _aالطبعة الثانية. | ||
| 264 | 1 |
_aالقاهرة : _bالهيئة العامة لقصور الثقافة، _c2006. |
|
| 300 |
_a452 صفحة ؛ _c24 سم. |
||
| 336 |
_2rdacontent _aنص _btxt |
||
| 337 |
_2rdamedia _aبدون وسيط _bn |
||
| 338 |
_2rdacarrier _aمجلد _bnc |
||
| 490 | 0 |
_a؛ الذخائر _v152 |
|
| 504 | _aيشتمل على إرجاعات ببليوجرافية وكشافات. | ||
| 590 | _adoaa mohamed | ||
| 600 | 1 | 7 |
_913366 _aابن خلدون، عبد الرحمن بن محمد، _d732-808 هـ. _2BUEsh |
| 650 | 7 |
_917481 _aالفلاسفة العرب _vتراجم. _2BUEsh |
|
| 650 | 7 |
_aالاجتماع، علم _vتراجم. _2BUEsh |
|
| 653 |
_bARALIT _cApril2015 |
||
| 655 | _vReading book | ||
| 700 | 1 |
_aالطنجي، محمد بن تاويت، _eمعلق. _913604 |
|
| 700 | 1 |
_aكحيلة، عبادة، _eمقدم. |
|
| 942 |
_2ddc _cBB |
||
| 999 |
_c13909 _d13909 |
||